000 00521nam a2200181Ia 4500
005 20250326142355.0
008 250326s9999 xx 000 0 und d
037 _aTextbook
040 _aFMSL
_beng
_cFMSL
041 _aeng
_2eng
084 _aX:87obY15 M3
_qFMSL
100 _aScollard J R
_9745973
245 0 _aNo Nonsense management tips for women
_cScollard J R
260 _aNew York
_bNew York, Wallaby Book
_c1983
300 _a174p
942 _cTB
_hX:87obY15 M3
999 _c1294720
_d1294720